000
00272nam a22001097a 4500
008
230620b xxu||||| |||| 00| 0 eng d
082
_a
321.804
_b
POL 1973
245
_a
The Modern Presidency
260
_a
USA
_b
Random House Inc.
_c
1973
300
_a
XII,236p
942
_2
ddc
_c
BK
999
_c
1850
_d
1850